Directors by Number of Films Per Decade - Statistics

General Stats
  • This quiz has been taken 20 times
  • The average score is 8 of 28
Answer Stats
Director 1960s 1970s 1980s 1990s 2000s 2010s 2020s % Correct
Steven Spielberg 1 6 7 6 7 7 3
94%
Martin Scorsese 2 9 5 8 6 10 2
81%
Francis Ford Coppola 4 4 7 4 2 1 1
56%
Woody Allen 2 7 10 11 10 9 2
44%
Ridley Scott - 2 4 4 8 7 4
38%
Spike Lee - - 4 12 11 9 3
38%
Ethan Coen - - 2 5 7 4 3
31%
Joel Coen - - 2 5 7 4 1
31%
Robert Zemeckis - 1 5 4 5 4 3
31%
Roman Polanski 5 5 2 3 2 5 1
31%
Brian de Palma 3 9 7 5 4 2 -
25%
Oliver Stone - 1 6 7 5 5 3
25%
Ron Howard - 2 9 7 7 8 7
25%
Tim Burton - - 3 5 5 6 1
25%
John Carpenter - 5 8 6 1 1 -
19%
Jonathan Demme - 5 7 6 8 11 -
19%
Richard Linklater - - 1 5 8 6 4
19%
Rob Reiner - - 5 7 3 6 2
19%
Sam Raimi - 1 3 5 5 1 2
19%
Steven Soderbergh - - 2 7 13 9 7
19%
Werner Herzog 2 12 8 10 9 10 4
19%
David Cronenberg 1 5 5 4 3 3 2
13%
George Miller - 1 3 3 1 2 2
13%
Williem Friedkin 7 6 7 5 4 2 1
13%
David Lynch - 1 3 5 3 1 -
6%
Michael Mann - 1 4 3 4 1 1
6%
Peter Weir - 6 5 3 1 1 -
6%
Barry Levinson - - 6 9 7 6 2
0%
No matching quizzes found
Score Distribution
Percent of People with Each Score
Percentile by Number Answered
Your Score History
You have not taken this quiz